000 00454nam a2200157Ia 4500
003 OSt
005 20230526111902.0
008 211028s2009 xx 000 0 und d
040 _cAIMIT LIBRARY
041 _aeng
100 _aAshika, T R; Varkey, Shine P.
_g71804
_99054
110 _aShine P Varkey
_99055
245 _aGene annotation protein modeling and molecular docking of mycobacterium leprae.
260 _aMangalore
_c2009
942 _2ddc
_cPRO
999 _c220190
_d220190